000 00438nam a2200181Ia 4500
008 230524s9999 xx 000 0 und d
020 _a818524068X
082 _a629.136
_bKHA
100 _aS.K.Khanna
245 0 _aAirport Planning and Design
250 _a6
260 _aRoorkee
_bNem Chand
_c2012
300 _a"xii,537p:"
500 _aQuantity Number: 28
650 _aCivil
700 _a"M.G.Arora, S.S.Jain"
942 _cBK
999 _c55476
_d55476